1734 1910 1231 1198 1485 1592 1348 1873 1160 1956 1818 1330 1986 1235 1383 1696 1383 1519 1706 1342 1264 1009 1285 1706 1451 1739 1776 1490 1316 1793 1271 1816 1093 1268 1052 1990 1545 1928 1883 1276 1294 1601 1085 1831 1817 1100 1113 1742 1251 1005 1621 1619 1995 1998 1180 1209 1289 1544 1903 1777 2000 1807 1793 1319 1558 1346 1320 1346 1512 1192 1617 1165 1212 1281 1084 1834 1935 1195 1188 1771 1839 1926 1082 1474 1614 1286 1067 1137 1161 1394 1476 1329 1868 1137 1038 1802 1025 1036 1998 BCNSPRNW ULIB Ver.6.0+V

เปลี่ยนเป็นภาษาไทย

Change to English
 แสดงรายละเอียดบรรณานุกรม
  กลับหน้าหลัก

Brief Record : Get Marc (ISO 2709) : E-mail record : QR code < ปิดหน้าต่าง
LEADER : 00000nam 2200000uu 4500
001    13399108845
003     ULIB
008    110315s2552||||th 000 0 tha d
020    9789746434782
060 04 W225.JT3^bส691ค 2552
245 00 คู่มือหลักประกันสุขภาพแห่งชาติ ปีงบประมาณ 2552 /^cสำนักงานหลักประกันสุขภาพแห่งชาติ
246 30 คู่มือหลักประกันสุขภาพแห่งชาติ
250    พิมพ์ครั้งที่ 1
260    นนทบุรี :^bสำนักงาน,^c2552
300    261 หน้า ;^c21 ซม.
650  7 บริการสุขภาพ^vคู่มือ
650  7 ประกันสุขภาพ^vคู่มือ
653    หลักประกันสุขภาพแห่งชาติ
710 2  สำนักงานหลักประกันสุขภาพแห่งชาติ
945    ^p0^l0^i025232
945    ^p0^l0^i025233
945    ^p0^l0^i025231
995    ทศพร
999 ^a ใช้งานได้ทุกระบบ
รายการนี้ยังไม่มีแท็ก
คุณยังไม่ได้ล็อกอิน คุณสามารถมีกิจกรรมร่วมกับเว็บไซต์ได้ แต่ต้องล็อกอินก่อน ::
  ล็อกอิน

รายการสื่อสารสนเทศ

ลำดับที่ ประเภท เลขเรียก/บาร์โค้ด สถานที่ สถานะ
- ไม่พบข้อมูล -

BibComment


ยังไม่เคยถูกคอมเมนท์

คอมเมนท์ทรัพยากรรายการนี้
  คอมเมนท์: คู่มือหลักประกันส..


 Copyright 2026. Bcnsprnw @Library